The law of value and historical materialism /
Uloženo v:
| Hlavní autor: | |
|---|---|
| Médium: | Neznámo |
| Jazyk: | Spanish English |
| Vydáno: |
New York :
Monthly Review Press,
1978.
|
| Témata: | |
| Tagy: |
Přidat tag
Žádné tagy, Buďte první, kdo vytvoří štítek k tomuto záznamu!
|
MARC
| LEADER | 000000000a22000000004500 | ||
|---|---|---|---|
| 001 | 014016 | ||
| 008 | 180212b xxu||||| |||| 00| 0 spa d | ||
| 020 | |a 0853454701 | ||
| 041 | 0 | |a eng | |
| 082 | 0 | 4 | |a 335.411 |b A517l |
| 100 | 1 | |a Amin, Samir | |
| 245 | 1 | 4 | |a The law of value and historical materialism / |c Samir Amin. |
| 260 | 1 | |a New York : |b Monthly Review Press, |c 1978. | |
| 300 | |a 133 páginas : |b ilustraciones ; |c 21 cm. | ||
| 500 | |a Donación George Yúdice | ||
| 650 | 4 | |a CAPITALISMO | |
| 650 | 4 | |a ECONOMIA MARXISTA | |
| 650 | 4 | |a VALOR | |
| 650 | 4 | |a MATERIALISMO HISTORICO | |
| 942 | |c BK |2 ddc | ||
| 999 | |c 19919 |d 19919 | ||



